Name Hong Kong 18 Districts - Statistics

General Stats
  • This quiz has been taken 640 times
  • The average score is 10 of 18
Answer Stats
Hint Answer % Correct
Sha Tin
74%
North
67%
Yuen Long
64%
Yau Tsim Mong
63%
Sai Kung
62%
Wan Chai
62%
Tuen Mun
61%
Eastern
59%
Southern
59%
Tsuen Wan
59%
Kwun Tong
58%
Tai Po
58%
Kowloon City
55%
Islands
52%
Sham Shui Po
52%
Wong Tai Sin
50%
Kwai Tsing
42%
Central and Western
40%
No matching quizzes found
Score Distribution
Percent of People with Each Score
Percentile by Number Answered
Your Score History
You have not taken this quiz